00501nam a2200133Ia 45000010005000000080041000050820025000461000065000712450164001362600018003005900007003189010027003259990015003521413241024s9999 xx 000 0 und d aRD/352/R426o/13-2002 aRepública Dominicana.Secretaría de Estado de Educación 0aOrden Departamental No. 13-2002.Mediante loa cual se reestructura el Departamento de Mantenimiento Escolar,elevándose a la Jerarquía de Dirección General bSanto Domingo asi a11/4/2011 4:15:09 p.m. c9438d9438